Vista normal
Vista MARC
- Poesía española
Entrada Topical Term
Número de registros utilizados en: 2
001 - CONTROL NUMBER
- control field: 36405
003 - CONTROL NUMBER IDENTIFIER
- control field: IT-RoINE
005 - DATE AND TIME OF LATEST TRANSACTION
- control field: 20170704095435.0
008 - FIXED-LENGTH DATA ELEMENTS
- fixed length control field: 170704|| aca||aabn | a|a d
040 ## - CATALOGING SOURCE
- Original cataloging agency: IT-RoINE
- Transcribing agency: IT-RoINE
150 ## - HEADING--TOPICAL TERM
- Topical term or geographic name as entry element: Poesía española
- Chronological subdivision: Anterior a 1500
670 ## - SOURCE DATA FOUND
- Source citation: Work cat.: (IT-RoINE)0: Díez Garretas, María Jesús 22588, Un cancionero para Alvar García de Santamaría :, 2000.